The American College Football Teams - Statistics

General Stats
  • This quiz has been taken 401 times
    344 since last reset
  • The average score is 12 of 14
Answer Stats
School Team Name/Colors % Correct
East Carolina Pirates
94%
Tulane Green Wave
94%
Navy Midshipmen
91%
Army Black Knights
89%
Memphis Tigers
86%
South Florida Bulls
86%
UTSA Roadrunners
86%
Florida Atlantic Owls
84%
Charlotte 49ers
83%
North Texas Mean Green
80%
Temple Owls
80%
UAB Blazers
76%
Tulsa Golden Hurricane
73%
Rice Owls
70%
No matching quizzes found
Score Distribution
Percent of People with Each Score
Percentile by Number Answered
Your Score History
You have not taken this quiz since the last reset